| 000 | 00880nam a22002177a 4500 | ||
|---|---|---|---|
| 003 | JO-AjAnu | ||
| 005 | 20241019095242.0 | ||
| 008 | 241019b jo ||||| |||| 00| 0 ara d | ||
| 015 | _29789923407332 | ||
| 040 |
_aJO-AjAnu _bara _cJO-AjAnu _dJO-AjAnu _erda |
||
| 041 |
_aara _hara |
||
| 050 |
_aTR145 _b2024 |
||
| 100 | 1 |
_aلعيبي، شاكر _eمترجم _966294 |
|
| 245 | 0 |
_aثقافة الصورة الفوتوغرافية : استشهادات وافكار ونماذج فوتوغرافية / _cترجمة شاكر لعيبي |
|
| 250 | _aالطبعة الاولى | ||
| 260 |
_aعمان : _bخطوط وظلال للنشر والتوزيع، _c2024 |
||
| 300 | _a254 صفحة | ||
| 504 | _aيحتوي على مراجع، يحتوي على صور فوتوغرافية | ||
| 650 | 7 | 0 |
_aالتصوير الضوئي-تصوير فوتوغرافي _966295 |
| 942 |
_2lcc _cBK _n0 |
||
| 999 |
_c33747 _d33747 |
||